Magnetohydrodynamics /

Bibliographic Details
Main Author: Moreau, René
Corporate Author: SpringerLink (Online service)
Format: eBook
Language:English
Published: Dordrecht : Springer, 1990.
Series:Fluid mechanics and its applications ; 3.
Subjects:
Online Access:Connect to the full text of this electronic book

MARC

Tag First Indicator Second Indicator Subfields
LEADER 00000cam a2200000Ia 4500
001 in00003545752
006 m o d
007 cr |||||||||||
008 130430s1990 ne ob 001 0 eng d
005 20260422220058.0
020 |a 9789401578837 (electronic bk.) 
020 |a 9401578834 (electronic bk.) 
020 |z 9789048140770 
024 7 |a 10.1007/978-94-015-7883-7  |2 doi 
035 |a (OCoLC)864239459 
040 |a SINTU  |b eng  |e pn  |c SINTU  |d OCLCO  |d GW5XE  |d OCLCQ  |d OCLCO  |d OCLCF  |d UtOrBLW 
041 1 |a eng  |h fre 
049 |a TXAM 
050 4 |a TA357  |b .M646 1990 
072 7 |a PHD  |2 bicssc 
072 7 |a SCI041000  |2 bisacsh 
082 0 4 |a 538/.7  |2 23 
100 1 |a Moreau, René. 
245 1 0 |a Magnetohydrodynamics /  |c by R. Moreau. 
264 1 |a Dordrecht :  |b Springer,  |c 1990. 
300 |a 1 online resource (xiv, 320 pages) 
336 |a text  |b txt  |2 rdacontent 
337 |a computer  |b c  |2 rdamedia 
338 |a online resource  |b cr  |2 rdacarrier 
490 1 |a Fluid mechanics and its applications,  |v v. 3 
500 |a Translated from the French. 
504 |a Includes bibliographical references (pages [305]-310) and index. 
500 |a Electronic resource. 
650 0 |a Fluid mechanics. 
650 0 |a Magnetohydrodynamics. 
650 0 |a Liquid metals. 
650 7 |a Fluid mechanics.  |2 fast  |0 (OCoLC)fst00927999 
650 7 |a Liquid metals.  |2 fast  |0 (OCoLC)fst00999620 
650 7 |a Magnetohydrodynamics.  |2 fast  |0 (OCoLC)fst01005872 
655 7 |a Electronic books.  |2 local 
710 2 |a SpringerLink (Online service) 
776 1 8 |i Printed edition:  |z 9789048140770 
830 0 |a Fluid mechanics and its applications ;  |v 3.  |x 0926-5112 
856 4 0 |u http://proxy.library.tamu.edu/login?url=https://link.springer.com/10.1007/978-94-015-7883-7  |z Connect to the full text of this electronic book  |t 0 
994 |a 92  |b TXA 
999 |a MARS 
999 f f |s a6845075-1a82-3109-a101-2b1b1d0dfb8f  |i dff2792a-4fc8-3b57-8aa2-5b47e4a45a25  |t 0 
952 f f |a Texas A&M University  |b College Station  |c Electronic Resources  |s www_evans  |d Available Online  |t 0  |e TA357 .M646 1990  |h Library of Congress classification 
998 f f |a TA357 .M646 1990  |t 0  |l Available Online